| 000 | 00986nas a2200349 4500 | ||
|---|---|---|---|
| 001 | BR0901178 | ||
| 003 | BR-BrBNA | ||
| 005 | 20231205113147.0 | ||
| 007 | ta | ||
| 008 | 230509b bl.|||p| |||| 00| 00por d | ||
| 040 |
_aBR-BrBNA _bpor _cBiblioteca Nacional de Agricultura |
||
| 041 | _a(En) | ||
| 072 | _aL74; L70 | ||
| 100 | 1 | _aStedile, R. | |
| 100 | 1 | _aContesini, E.A. | |
| 100 | 1 | _aOliveira, S.T. | |
| 100 | 1 | _aBeck, C.A.C. | |
| 100 | 1 | _aOliveira, E.C. | |
| 100 | 1 | _aAlievi, M.M. | |
| 100 | 1 | _aDriemeie, D. | |
| 100 | 1 | _aMuccillo, M.S. | |
| 245 | 1 | _aUrethral duplication in a dog: case report | |
| 650 | _aCÃO | ||
| 650 | _aVETERINÁRIA | ||
| 650 | _aCIRURGIA | ||
| 650 | _aMICÇÃO | ||
| 650 | _aURETRA | ||
| 650 | _aDISTÚRBIO FISIOLÓGICO | ||
| 773 | 0 |
_tArquivo Brasileiro de Medicina Veterinária e Zootecnia (Brazil) _xISSN 0102-0935 _g(Apr 2008), v. 60(2) p. 341-345 _wBR0901178 |
|
| 909 |
_a202311 _bLúcia _c55 _dLúcia Elande |
||
| 942 |
_2AGRIS _n0 _cANA |
||
| 999 |
_c202192 _d202192 |
||